00571nam a22001697a 450000500170000001000150001702000260003203500140005803700140007208200140008610000280010024500920012826000480022027000880026830000260035670000190038220180518110125.0 aENG-123053 a9789352730209c995.00 aEN-106585 bDBAD/PUB. a332.10954 aBiswal, Kailash Chandra aService management theory and practices /cby Kailash Chandra Biswal [and] G. Singaiah aNew DelhibHimalaya Publishing House c2017 aPooja Apartments, 4-B, Murari Lal Street, Ansari Road Dariy GanjbNew Delhie110002 a274p.b24cm(Hb)cill. d.aSingaiah G.